ARRUPE JESUIT UNIVERSITY

CORONAVIRUS -STOP THE SPREAD - CLEAN,DISINFECT,COVER

Focus on Southern Africa (Record no. 126198)

MARC details
000 -LEADER
fixed length control field nam a22 7a 4500
005 - DATE AND TIME OF LATEST TRANSACTION
control field 20170223114622.0
008 - FIXED-LENGTH DATA ELEMENTS--GENERAL INFORMATION
fixed length control field 170223b xxu||||| |||| 00| 0 eng d
050 ## - LIBRARY OF CONGRESS CALL NUMBER
Classification number DT1019.H927
100 ## - MAIN ENTRY--PERSONAL NAME
Personal name Humphries, Tony
9 (RLIN) 28994
245 ## - TITLE STATEMENT
Title Focus on Southern Africa
Statement of responsibility, etc by Humphries, Tony
260 ## - PUBLICATION, DISTRIBUTION, ETC. (IMPRINT)
Place of publication, distribution, etc London
Name of publisher, distributor, etc Africa centre
Date of publication, distribution, etc 1985
300 ## - PHYSICAL DESCRIPTION
Extent 48p.;
Dimensions 21cm.
650 ## - SUBJECT ADDED ENTRY--TOPICAL TERM
Topical term or geographic name as entry element Africa, Southern
General subdivision Politics
9 (RLIN) 24755
650 ## - SUBJECT ADDED ENTRY--TOPICAL TERM
Topical term or geographic name as entry element Africa, Southern
General subdivision Social conditions
9 (RLIN) 28995
650 ## - SUBJECT ADDED ENTRY--TOPICAL TERM
Topical term or geographic name as entry element Africa, Southern
General subdivision Economic conditions
9 (RLIN) 28996
700 ## - ADDED ENTRY--PERSONAL NAME
Personal name Kihoro, Wanjira
9 (RLIN) 28997
700 ## - ADDED ENTRY--PERSONAL NAME
Personal name Kikoro, Wanyiri
9 (RLIN) 28998
942 ## - ADDED ENTRY ELEMENTS (KOHA)
Source of classification or shelving scheme Library of Congress Classification
Item type Monograph ( Printed materials)
Holdings
Withdrawn status Lost status Source of classification or shelving scheme Damaged status Not for loan Collection code Home library Current library Shelving location Date acquired Total Checkouts Full call number Barcode Date last seen Price effective from Koha item type
    Library of Congress Classification     Main Collection ARRUPE LIBRARY ARRUPE LIBRARY Main Collection 23/02/2017   DT1019.H927 46500024456 07/12/2017 23/02/2017 Monograph ( Printed materials)

 

Arrupe Library. PO Box MP320 Mt Pleasant, Harare, Zimbabwe
263 242 745411|librarian@aju.ac.zw